Vehicles by emoji - Statistics

General Stats
  • This quiz has been taken 64 times
    49 since last reset
  • The average score is 17 of 29
Answer Stats
Hint Answer % Correct
🚍 Bus
95%
🚲 Bike
92%
πŸš‘ Ambulance
90%
πŸš™ Car
90%
πŸš€ Rocket
90%
πŸš‚ Train
90%
✈ Plane
85%
πŸ›΄ Scooter
85%
🚁 Helicopter
82%
πŸš” Police car
82%
🏍 Motor cycle
79%
πŸ›Ή Skate board
79%
🚜 Tractor
74%
🚒 Ship
72%
🦽 Wheelchair
72%
πŸ›Ά Canoe
62%
β›΅ Sail boat
62%
🚚 Van
62%
🏎 Race car
59%
πŸ›³ Cruise ship
49%
🚀 Speed boat
41%
πŸ›» Pick up truck
33%
β›΄ Ferry
31%
πŸš’ Fire engine
26%
πŸ›₯ Motor boat
21%
πŸš› Lorry
15%
🦼 Electric Wheelchair
10%
πŸ›΅ Motor scooter
8%
🚐 Mini bus
3%
No matching quizzes found
Score Distribution
Percent of People with Each Score
Percentile by Number Answered
Your Score History
You have not taken this quiz since the last reset